header

Revolution and war (Record no. 35354)

MARC details
000 -LEADER
fixed length control field 01376nam a2200385Ia 4500
082 04 - DEWEY DECIMAL CLASSIFICATION NUMBER
Classification number 303.6/4
100 1# - MAIN ENTRY--AUTHOR NAME
Personal name Walt, Stephen M.,
245 10 - TITLE STATEMENT
Title Revolution and war
260 ## - PUBLICATION, DISTRIBUTION, ETC. (IMPRINT)
Place of publication Ithaca, NY :
Name of publisher Cornell University Press,
Year of publication 1996.
300 ## - PHYSICAL DESCRIPTION
Number of Pages x, 365 p.
650 #0 - SUBJECT ADDED ENTRY--TOPICAL TERM
Topical Term World politics.
Topical Term Revolutions
Topical Term War.
Topical Term Revolutions
Topical Term Politics and war.
856 40 - ELECTRONIC LOCATION AND ACCESS
Uniform Resource Identifier http://site.ebrary.com/lib/rucke/Doc?id=10742468

No items available.

© 2026 Rongo University
Contact us: librarian | system librarian | Rongo university